00501 a2200121 4500082001800000100001700018245013100035260005700166300002700223650001600250999001500266952009800281 a624.18341 KAU aKaushik,S.K. aFerrocement Applications and Progress:Proceedings of the third international symposium on ferrocement /cedited by S.K.Kaushik aNew Delhi :cTata McGraw Hill Publishing Comp,b1988 a728p. :bill . ;c26cm aferrocement c1397d1397 00104070aNITbNITcCEd0000-00-00l0o624.18341 KAUpNIT-1876 r2017-01-05w2017-01-05yBK